[Event "Mittelfranken-ch QT"]
[Site "Mittelfranken"]
[Date "2014.04.16"]
[Round "2.5"]
[White "Corral, Carlos"]
[Black "Kroeger, Joachim"]
[Result "1-0"]
[WhiteElo "1989"]
[BlackElo "1685"]
[PlyCount "182"]
[EventDate "2014.04.16"]
[EventType "swiss"]
[EventRounds "7"]
[EventCountry "GER"]
[SourceTitle "EXT 2022"]
[Source "ChessBase"]
[SourceDate "2021.10.06"]
[SourceVersion "1"]
[SourceVersionDate "2021.10.06"]
[SourceQuality "1"]

1. Nc3 Nf6 2. e4 e5 3. Nf3 Nc6 4. d4 exd4 5. Nxd4 Bb4 6. Nxc6 Bxc3+ 7. bxc3 dxc6 8. Qxd8+ Kxd8 9. Bg5 h6 10. 0-0-0+ Ke7 11. Bh4 g5 12. Bg3 Be6 13. f3 Rac8 14. Kb2 c5 15. Be5 Rhe8 16. Bb5 Nd7 17. Bg3 a6 18. Be2 Red8 19. Bf2 b6 20. a3 a5 21. c4 Ne5 22. Kc3 Rxd1 23. Rxd1 Rd8 24. Rxd8 Kxd8 25. Be3 Ng6 26. g3 Ke7 27. f4 gxf4 28. gxf4 f5 29. Bd3 Kf6 30. e5+ Ke7 31. Kd2 Bd7 32. Ke2 Kf7 33. Kf2 Be6 34. Kg3 Kg7 35. Be2 Kf7 36. h4 Kg7 37. h5 Ne7 38. c3 Kf7 39. Bf2 Ke8 40. Kf3 Kf7 41. Bh4 Nc6 42. Ke3 Ne7 43. Kd3 Ke8 44. Bf3 Kf7 45. Bd1 Bd7 46. Bf6 Bc6 47. Ke3 Bd7 48. Bf3 Be6 49. Kd3 Bd7 50. Bb7 c6 51. Bh4 Ke6 52. Bf6 Kf7 53. Ke3 Ke6 54. Bg7 Ng8 55. Bf8 Ne7 56. Bxh6 Be8 57. Bg5 Bxh5 58. Bxe7 Kxe7 59. Bxc6 Bd1 60. Kf2 Kf7 61. Kg3 Kg6 62. Kh4 Be2 63. Be8+ Kh6 64. Bf7 b5 65. cxb5 Bxb5 66. Kg3 Bc6 67. Kf2 Kg7 68. Be6 Be4 69. Ke3 Kh6 70. Bd7 Kg6 71. Kd2 Kf7 72. Kc1 Ke7 73. Bb5 Ke6 74. Kb2 Kd5 75. Kb3 c4+ 76. Bxc4+ Kc5 77. Bf7 Bc6 78. Kc2 Be4+ 79. Kd2 Bb1 80. Ke3 Be4 81. Kf2 Kc6 82. Kg3 Kd7 83. Kh4 Ke7 84. Bb3 Bd3 85. Kg5 Be4 86. Kg6 Bd3 87. Ba4 Be4 88. Bb5 Bc2 89. Bf1 Ke6 90. Ba6 Kd5 91. Bc8 Ke4 1-0

[Event "Mittelfranken-chTB2a 1213"]
[Site "Germany"]
[Date "2012.10.21"]
[Round "2.7"]
[White "Kroeger, Joachim"]
[Black "Frank, Werner1111"]
[Result "0-1"]
[WhiteElo "1695"]
[BlackElo "2031"]
[PlyCount "102"]
[EventDate "2012.10.07"]
[EventType "team-tourn"]
[EventRounds "9"]
[EventCountry "GER"]
[SourceTitle "EXT 2019"]
[Source "ChessBase"]
[SourceDate "2018.10.10"]
[SourceVersion "1"]
[SourceVersionDate "2018.10.10"]
[SourceQuality "1"]
[WhiteTeam "Rothenburg"]
[BlackTeam "Heilsbronn"]
[WhiteTeamCountry "GER"]
[BlackTeamCountry "GER"]

1. e4 e5 2. Nf3 d6 3. d4 f5 4. exf5 e4 5. Qe2 Nf6 6. Nfd2 d5 7. f3 Be7 8. fxe4 dxe4 9. Nxe4 Nxe4 10. Qxe4 0-0 11. Bc4+ Kh8 12. 0-0 Bf6 13. c3 Nd7 14. Bf4 Re8 15. Qc2 c5 16. dxc5 Nxc5 17. Nd2 Qb6 18. Kh1 Bd7 19. Rad1 Qc6 20. Bg3 b5 21. Bb3 Re2 22. Rf2 Rae8 23. Rxe2 Rxe2 24. Rg1 Bg5 25. Qd1 Rxd2 26. Qh5 Nxb3 27. Qxg5 Qxg2+ 28. Rxg2 Rd1+ 29. Be1 Rxe1+ 30. Rg1 Bc6+ 31. Qg2 Bxg2+ 32. Kxg2 Rxg1+ 33. Kxg1 Nc5 34. Kg2 Na4 35. Kf3 Nxb2 36. Ke4 Nd1 37. Kd4 Kg8 38. c4 bxc4 39. Kxc4 Ne3+ 40. Kc5 Kf7 41. Kb5 Nxf5 42. Ka6 Ke7 43. Kxa7 Kd6 44. Kb6 Nd4 45. Ka5 Nf3 46. Kb6 Nxh2 47. a4 Nf3 48. a5 Nd4 49. a6 Nc6 50. Kb5 g5 51. Kc4 h6 0-1

[Event "Seebach op 23rd"]
[Site "Grossenseebach"]
[Date "2012.06.08"]
[Round "3"]
[White "Strobl, Thomas"]
[Black "Kroeger, Joachim"]
[Result "0-1"]
[WhiteElo "1683"]
[BlackElo "1695"]
[PlyCount "42"]
[EventDate "2012.06.07"]
[EventType "swiss"]
[EventRounds "7"]
[EventCountry "GER"]
[SourceTitle "EXT 2013"]
[Source "ChessBase"]
[SourceDate "2012.11.22"]
[SourceVersion "1"]
[SourceVersionDate "2012.11.22"]
[SourceQuality "1"]

1. d4 d5 2. e3 Bf5 3. Bd3 Bxd3 4. Qxd3 Nf6 5. Nf3 e6 6. Qb5+ Nfd7 7. Qxb7 Nb6 8. 0-0 Bd6 9. Nc3 0-0 10. e4 c6 11. exd5 exd5 12. Re1 f6 13. Ng5 fxg5 14. Bxg5 Qxg5 15. Re6 Qd8 16. Rae1 h6 17. Na4 Qc7 18. Qxc7 Bxc7 19. Nc5 N8d7 20. Nxd7 Nxd7 21. Re7 Rf7 0-1

[Event "Mittelfranken-chTB2a 1112"]
[Site "Germany"]
[Date "2012.02.26"]
[Round "7.7"]
[White "Kroeger, Joachim"]
[Black "Schloetterer, Hermann"]
[Result "1-0"]
[WhiteElo "1649"]
[BlackElo "1745"]
[PlyCount "159"]
[EventDate "2011.09.25"]
[EventType "team-tourn"]
[EventRounds "9"]
[EventCountry "GER"]
[SourceTitle "EXT 2018"]
[Source "ChessBase"]
[SourceDate "2017.10.13"]
[SourceVersion "1"]
[SourceVersionDate "2017.10.13"]
[SourceQuality "1"]
[WhiteTeam "Rothenburg"]
[BlackTeam "Nuernberg NT V"]
[WhiteTeamCountry "GER"]
[BlackTeamCountry "GER"]

1. e4 d5 2. exd5 Qxd5 3. Nc3 Qa5 4. Bc4 Nf6 5. d4 Bg4 6. Nf3 e6 7. Bd2 Nc6 8. Nd5 Bb4 9. Nxb4 Nxd4 10. Nd5 Qc5 11. Nxf6+ gxf6 12. Bd3 Bxf3 13. gxf3 0-0-0 14. Be3 Qe5 15. Kf1 Qh5 16. Bxd4 Rxd4 17. Qe2 f5 18. Qe3 Rhd8 19. f4 Qh6 20. h3 Kb8 21. Rg1 Rxf4 22. Rg3 Qh4 23. Ke2 Qh5+ 24. f3 Rh4 25. Qg5 Qxg5 26. Rxg5 Rxh3 27. Rag1 Kc8 28. Ke3 Kd7 29. Rg8 Rxg8 30. Rxg8 a5 31. Bb5+ c6 32. Bd3 Rh1 33. Rb8 b5 34. Rb7+ Kd6 35. Rxf7 h5 36. Rh7 Ke5 37. Rc7 Rh2 38. f4+ Kd6 39. Rh7 h4 40. Kf3 Kd5 41. Rd7+ Kc5 42. Re7 Kd6 43. Re8 a4 44. b3 axb3 45. axb3 Kd7 46. Rh8 Ke7 47. Rh6 Kd6 48. Bxf5 Kd5 49. Bxe6+ Kd4 50. Bf5 c5 51. Rd6+ Kc3 52. Rh6 Rh1 53. Kg4 Kd4 54. Rxh4 Rg1+ 55. Kf3 Re1 56. Rh2 Re3+ 57. Kg4 Re1 58. Rh3 c4 59. bxc4 bxc4 60. Rg3 Re7 61. Ra3 Rg7+ 62. Kf3 Rf7 63. c3+ Kd5 64. Ra5+ Kd6 65. Ke4 Rc7 66. Kd4 Rc6 67. Ra7 Rb6 68. Kxc4 Rb2 69. Ra6+ Kc7 70. Be6 Rf2 71. f5 Rf3 72. Kd4 Rf1 73. Kc5 Rf2 74. Ra7+ Kb8 75. Rf7 Rh2 76. c4 Rh8 77. Kb6 Ka8 78. Rg7 Rb8+ 79. Ka6 Rf8 80. Rg8 1-0

[Event "Mittelfranken-chTB2a 1112"]
[Site "Germany"]
[Date "2012.01.15"]
[Round "5.7"]
[White "Kroeger, Joachim"]
[Black "Ahlich, Thomas"]
[Result "1/2-1/2"]
[WhiteElo "1643"]
[BlackElo "1762"]
[PlyCount "45"]
[EventDate "2011.09.25"]
[EventType "team-tourn"]
[EventRounds "9"]
[EventCountry "GER"]
[SourceTitle "EXT 2013"]
[Source "ChessBase"]
[SourceDate "2012.11.22"]
[SourceVersion "1"]
[SourceVersionDate "2012.11.22"]
[SourceQuality "1"]
[WhiteTeam "Rothenburg"]
[BlackTeam "Nuernberg Zabo"]
[WhiteTeamCountry "GER"]
[BlackTeamCountry "GER"]

1. e4 e5 2. Nf3 Nc6 3. Nc3 Nf6 4. d4 exd4 5. Nxd4 Bb4 6. Nxc6 bxc6 7. Bd3 d5 8. exd5 cxd5 9. 0-0 0-0 10. Bg5 c6 11. Qf3 Be7 12. h3 Be6 13. Rab1 d4 14. Ne4 Nd5 15. Bxe7 Nxe7 16. b3 h6 17. Rfe1 a5 18. Qh5 Nd5 19. Bc4 Nf4 20. Qf3 Bxc4 21. Qxf4 Bd5 22. Rbd1 Qb6 23. Qg3 1/2-1/2

[Event "Mittelfranken-chTB2a 1011"]
[Site "Germany"]
[Date "2011.01.23"]
[Round "5.7"]
[White "Kroeger, Joachim"]
[Black "Lindner, Christoph"]
[Result "1/2-1/2"]
[WhiteElo "1618"]
[BlackElo "1765"]
[PlyCount "28"]
[EventDate "2010.09.26"]
[EventType "team-tourn"]
[EventRounds "9"]
[EventCountry "GER"]
[SourceTitle "EXT 2012"]
[Source "ChessBase"]
[SourceDate "2011.11.24"]
[SourceVersion "1"]
[SourceVersionDate "2011.11.24"]
[SourceQuality "1"]
[WhiteTeam "Rothenburg/Tauber"]
[BlackTeam "Kirchehrenbach/Ebermannstadt"]
[WhiteTeamCountry "GER"]
[BlackTeamCountry "GER"]

1. e4 e5 2. Nf3 Nc6 3. Bb5 d6 4. d4 exd4 5. Bxc6+ bxc6 6. Qxd4 Nf6 7. 0-0 c5 8. Qd3 Be7 9. e5 dxe5 10. Qxd8+ Bxd8 11. Nxe5 0-0 12. Be3 Be7 13. Nc3 Ng4 14. Nxg4 Bxg4 1/2-1/2